000 00213nam a22000977a 4500
041 _aENG
245 _aSoil Erosion Prediction AnD Control
260 _aDelhi
_bSoil Conservation
_c1968
650 _a48
856 _u48
999 _c3132
_d3132